The shadow of the crescent moon / (Record no. 219597)

000 -LEADER
fixed length control field 01034cam a22003017i 4500
001 - CONTROL NUMBER
control field 18114097
003 - CONTROL NUMBER IDENTIFIER
control field Nust
005 - DATE AND TIME OF LATEST TRANSACTION
control field 20170215093455.0
008 - FIXED-LENGTH DATA ELEMENTS--GENERAL INFORMATION
fixed length control field 140414s2013 ii 000 f eng
010 ## - LIBRARY OF CONGRESS CONTROL NUMBER
LC control number 2013410931
020 ## - INTERNATIONAL STANDARD BOOK NUMBER
International Standard Book Number 9780670085705
025 ## - OVERSEAS ACQUISITION NUMBER
Overseas acquisition number I-E-2013-410931; 26-91
037 ## - SOURCE OF ACQUISITION
Source of stock number/acquisition Library of Congress -- New Delhi Overseas Office
040 ## - CATALOGING SOURCE
Original cataloging agency DLC
Language of cataloging eng
Transcribing agency DLC
Description conventions rda
Modifying agency DLC
042 ## - AUTHENTICATION CODE
Authentication code lcode
050 00 - LIBRARY OF CONGRESS CALL NUMBER
Classification number MLCS 2012/01834 (P)
-- PR9540.9.B48
082 ## - DEWEY DECIMAL CLASSIFICATION NUMBER
Classification number 823.914
Author Mark BHU
100 1# - MAIN ENTRY--PERSONAL NAME
Personal name Bhutto, Fatima,
Dates associated with a name 1982-
Relator term author.
245 14 - TITLE STATEMENT
Title The shadow of the crescent moon /
Statement of responsibility, etc. Fatima Bhutto.
264 #1 - PRODUCTION, PUBLICATION, DISTRIBUTION, MANUFACTURE, AND COPYRIGHT NOTICE
Place of production, publication, distribution, manufacture New Delhi :
Name of producer, publisher, distributor, manufacturer Penguin Books India,
Date of production, publication, distribution, manufacture, or copyright notice 2013.
300 ## - PHYSICAL DESCRIPTION
Extent 230 pages, 2 unnumbered pages ;
Dimensions 21 cm
336 ## - CONTENT TYPE
Content type term text
Content type code txt
Source rdacontent
337 ## - MEDIA TYPE
Media type term unmediated
Media type code n
Source rdamedia
338 ## - CARRIER TYPE
Carrier type term volume
Carrier type code nc
Source rdacarrier
500 ## - GENERAL NOTE
General note Novel.
906 ## - LOCAL DATA ELEMENT F, LDF (RLIN)
a 7
b cbc
c origode
d 4
e ncip
f 20
g y-gencatlg
942 ## - ADDED ENTRY ELEMENTS (KOHA)
Source of classification or shelving scheme
Koha item type Book
Holdings
Withdrawn status Lost status Source of classification or shelving scheme Damaged status Not for loan Collection code Permanent Location Current Location Shelving location Date acquired Total Checkouts Total Renewals Full call number Barcode Checked out Date last seen Date last checked out Copy number Price effective from Koha item type
            Central Library (CL) Central Library (CL) Fiction 02/15/2017 6 3 823.914 BHU CL3007 05/07/2026 04/07/2026 04/07/2026 1 02/15/2017 Book
© 2023 Central Library, National University of Sciences and Technology. All Rights Reserved.